101 bài thơ phú Tây Hồ
Spremljeno u:
| Glavni autor: | |
|---|---|
| Format: | Knjiga |
| Jezik: | Undetermined |
| Izdano: |
H.
Văn hóa thông tin
1996
|
| Teme: | |
| Online pristup: | http://lrc.tdmu.edu.vn/opac/search/detail.asp?aID=2&ID=6740 |
| Oznake: |
Dodaj oznaku
Bez oznaka, Budi prvi tko označuje ovaj zapis!
|
| Thư viện lưu trữ: | Trung tâm Học liệu Trường Đại học Thủ Dầu Một |
|---|
| LEADER | 00623nam a2200193Ia 4500 | ||
|---|---|---|---|
| 001 | TDMU_6740 | ||
| 008 | 210410s9999 xx 000 0 und d | ||
| 082 | |a 895.9221 | ||
| 090 | |b B510 | ||
| 100 | |a Bùi, Hạnh Cẩn | ||
| 245 | 0 | |a 101 bài thơ phú Tây Hồ | |
| 245 | 0 | |c Bùi Hạnh Cẩn Sưu tầm và biên dịch | |
| 260 | |a H. | ||
| 260 | |b Văn hóa thông tin | ||
| 260 | |c 1996 | ||
| 300 | |a 284tr | ||
| 650 | |a Thơ; Văn học Việt Nam | ||
| 856 | |u http://lrc.tdmu.edu.vn/opac/search/detail.asp?aID=2&ID=6740 | ||
| 980 | |a Trung tâm Học liệu Trường Đại học Thủ Dầu Một | ||